[Event "Castilla La Mancha Region U16"]
[Site "Horche"]
[Date "2015.03.27"]
[Round "1.4"]
[White "Santillana Quesada, Samuel"]
[Black "Hernandez Mateo, Borja"]
[Result "0-1"]
[WhiteElo "1328"]
[BlackElo "1748"]
[PlyCount "74"]
[EventDate "2015.03.27"]
[EventType "swiss"]
[EventRounds "6"]
[EventCountry "ESP"]
[SourceTitle "EXT 2024"]
[Source "ChessBase"]
[SourceDate "2023.10.10"]
[SourceVersion "1"]
[SourceVersionDate "2023.10.10"]
[SourceQuality "1"]

1. e4 c5 2. Nf3 d6 3. c4 Nc6 4. Nc3 Nf6 5. d4 cxd4 6. Nxd4 Nxd4 7. Qxd4 g6 8. Be2 Bg7 9. Be3 0-0 10. Qd2 Be6 11. Rc1 Re8 12. 0-0 Nd7 13. Bh6 Bxh6 14. Qxh6 Ne5 15. b3 f5 16. exf5 Bxf5 17. Rfd1 Rc8 18. Qe3 b6 19. Qd4 Rf8 20. f4 Nf7 21. Bf3 e5 22. fxe5 dxe5 23. Qxd8 Rfxd8 24. Rxd8+ Rxd8 25. Nd5 Kg7 26. Re1 e4 27. Bd1 h5 28. Bc2 b5 29. Ne3 bxc4 30. Nxc4 Kf6 31. Re2 Ne5 32. Nxe5 Kxe5 33. Kf2 Rc8 34. Ke3 Rc3+ 35. Kd2 Rc5 36. Re3 Kd4 37. h3 Rxc2+ 0-1